6-Letter Vocabulary (Medium) Quiz Stats

 Plays Quiz Updated Jun 23, 2017

Support Sporcle.
Go Orange.
Score 0/25 Timer 04:00
0 Plays Today
% Correct
albino
95.6%
falcon
95.4%
ballot
95.2%
botany
95.2%
vandal
95%
magnet
95%
savior
95%
patent
93.8%
kaiser
93.6%
rubble
93.5%
italic
93.3%
canvas
93%
parody
92.7%
% Correct
dawdle
92.5%
recoil
92%
quirky
91.6%
curate
91.6%
legume
91.3%
anthem
91.3%
enamel
89.7%
tandem
89.5%
mayhem
89.4%
medley
89.1%
unduly
87.7%
nugget
86.9%

You're not logged in!

Compare scores with friends on all Sporcle quizzes.
OR
Log In
Forgot?

From the Vault

3-Word Beatles Song Match

by CrazyLoo

We had loads of Beatles puns but that was Yesterday. They'll be hard to Get Back.
Remove Ads.
Support Sporcle.
Get the best of Sporcle when you Go Orange. This ad-free experience offers more features, more stats, and more fun while also helping to support Sporcle. Thank you for becoming a member.

Show Comments

Extras

Top Quizzes Today


Score Distribution

Your Account Isn't Verified!

In order to create a playlist on Sporcle, you need to verify the email address you used during registration. Go to your Sporcle Settings to finish the process.

Report this User

Report this user for behavior that violates our Community Guidelines.

Details: